| 000 | 00455nam a2200181Ia 4500 | ||
|---|---|---|---|
| 008 | 170705s9999 xx 000 0 und d | ||
| 020 | _a439140870 | ||
| 245 | 2 | _aA child was born : | |
| 245 | _ba first nativity book / | ||
| 245 | _cGrace Maccarone ; illustrated by Sam Williams. | ||
| 260 | _aNew York : | ||
| 260 | _bScholastic, | ||
| 260 | _c2000 | ||
| 300 | _aunpaged : | ||
| 300 | _bcolor illustration ; | ||
| 300 | _c19cm. | ||
| 500 | _a370 | ||
| 999 |
_c335771 _d335771 |
||